[Event "Central America Carribean-ch U20"]
[Site "Pereira"]
[Date "2021.09.24"]
[Round "5"]
[White "Mora Munoz, Alejandro"]
[Black "Salcedo Rodelo, Brayan"]
[Result "0-1"]
[WhiteElo "1890"]
[BlackElo "1599"]
[PlyCount "58"]
[EventDate "2021.09.21"]
[EventType "swiss"]
[EventRounds "9"]
[EventCountry "COL"]
[SourceTitle "EXT 2023"]
[Source "ChessBase"]
[SourceDate "2022.10.05"]
[SourceVersion "1"]
[SourceVersionDate "2022.10.05"]
[SourceQuality "1"]

1. e4 c5 2. Nf3 Nc6 3. d4 cxd4 4. Nxd4 e5 5. Nb5 d6 6. N1c3 a6 7. Na3 Be7 8. Be3 Nf6 9. Nc4 b5 10. Nb6 Rb8 11. Nxc8 Qxc8 12. a4 b4 13. Nd5 0-0 14. Qd3 a5 15. Be2 Nxd5 16. exd5 Nd4 17. Bxd4 exd4 18. 0-0 Bf6 19. Rfe1 Re8 20. Qb3 Qf5 21. Bb5 Re5 22. Bc6 h5 23. Rad1 g5 24. Rxe5 Bxe5 25. Qd3 Qf4 26. g3 Qg4 27. Kg2 h4 28. f3 Qh5 29. b3 Kg7 0-1

[Event "COL-ch sf2 U16"]
[Site "Bocagrande"]
[Date "2019.05.10"]
[Round "3.5"]
[White "Hernandez, Jeronimo"]
[Black "Salcedo Rodelo, Brayan"]
[Result "1-0"]
[WhiteElo "1857"]
[BlackElo "1623"]
[PlyCount "95"]
[EventDate "2019.05.09"]
[EventType "swiss"]
[EventRounds "6"]
[EventCountry "COL"]
[SourceTitle "EXT 2024"]
[Source "ChessBase"]
[SourceDate "2023.10.10"]
[SourceVersion "1"]
[SourceVersionDate "2023.10.10"]
[SourceQuality "1"]

1. e4 c5 2. c3 Nf6 3. e5 Nd5 4. d4 cxd4 5. cxd4 d6 6. Nf3 Bg4 7. Bc4 e6 8. 0-0 Nc6 9. exd6 Qxd6 10. Be3 Be7 11. Nc3 Nb6 12. Be2 0-0 13. Qd2 Nd5 14. Nxd5 Qxd5 15. Rfd1 Rfd8 16. h3 Bh5 17. b3 Bb4 18. Qb2 Qa5 19. Bd2 Rac8 20. a3 Bxd2 21. Rxd2 Ne7 22. Rc1 Rxc1+ 23. Qxc1 Bg6 24. b4 Qb6 25. Qc5 Nd5 26. Bc4 h6 27. Bxd5 Rxd5 28. Qxb6 axb6 29. Ne5 Bh7 30. Nc4 b5 31. Ne3 Rd7 32. d5 exd5 33. Rxd5 Rxd5 34. Nxd5 Be4 35. Nc3 Bc6 36. f3 f5 37. Kf2 Kf7 38. Ke3 Ke6 39. g3 g5 40. f4 Kf6 41. Kd4 h5 42. h4 gxf4 43. gxf4 b6 44. Nd5+ Ke6 45. Nxb6 Kd6 46. Nc8+ Kd7 47. Kc5 Be4 48. Na7 1-0

[Event "COL-ch sf2 U16"]
[Site "Bocagrande"]
[Date "2019.05.10"]
[Round "2.3"]
[White "Salcedo Rodelo, Brayan"]
[Black "Barrios Gonzalez, Jesus David"]
[Result "0-1"]
[WhiteElo "1623"]
[BlackElo "1447"]
[PlyCount "62"]
[EventDate "2019.05.09"]
[EventType "swiss"]
[EventRounds "6"]
[EventCountry "COL"]
[SourceTitle "EXT 2024"]
[Source "ChessBase"]
[SourceDate "2023.10.10"]
[SourceVersion "1"]
[SourceVersionDate "2023.10.10"]
[SourceQuality "1"]

1. e4 e6 2. d3 d5 3. Nd2 Nf6 4. Ngf3 c5 5. g3 Nc6 6. Bg2 Be7 7. 0-0 0-0 8. e5 Nd7 9. Re1 Qc7 10. Qe2 b5 11. Nf1 Bb7 12. Bf4 Qb6 13. h4 c4 14. N1h2 Bb4 15. c3 cxd3 16. Qxd3 Be7 17. Ng5 Bxg5 18. hxg5 Ne7 19. Ng4 a6 20. Bf3 Rfc8 21. Kg2 Ng6 22. Qd2 Ndf8 23. Be3 Qc7 24. Bd4 Ne7 25. Nf6+ Kh8 26. g4 Nc6 27. Qd3 Nxd4 28. Rh1 gxf6 29. cxd4 fxe5 30. dxe5 Qxe5 31. Rae1 Qxg5 0-1

[Event "COL-ch U18 sf2"]
[Site "Malambo"]
[Date "2019.05.04"]
[Round "4.4"]
[White "Salcedo Rodelo, Brayan"]
[Black "Gamarra Pardo, Sebastian Andres"]
[Result "1/2-1/2"]
[WhiteElo "1623"]
[BlackElo "1423"]
[PlyCount "94"]
[EventDate "2019.05.02"]
[EventType "swiss"]
[EventRounds "6"]
[EventCountry "COL"]
[SourceTitle "EXT 2024"]
[Source "ChessBase"]
[SourceDate "2023.10.10"]
[SourceVersion "1"]
[SourceVersionDate "2023.10.10"]
[SourceQuality "1"]

1. e4 c5 2. Nf3 g6 3. d4 cxd4 4. Nxd4 Bg7 5. c4 Nc6 6. Be3 Nh6 7. Be2 f5 8. Qd2 Ng4 9. Bxg4 fxg4 10. Nc3 d6 11. Nxc6 bxc6 12. Bd4 0-0 13. Bxg7 Kxg7 14. Rd1 Qb6 15. 0-0 Be6 16. b3 Rad8 17. Na4 Qa6 18. Qd4+ Kg8 19. Qc3 c5 20. Qe3 Kg7 21. Rd2 Rd7 22. Nc3 Qb7 23. Rfd1 Rfd8 24. Nd5 a6 25. e5 Bxd5 26. Rxd5 h6 27. e6 Rc7 28. Qf4 Rf8 29. Qxg4 Rf6 30. f4 Rc8 31. Re1 Qb4 32. Re2 Rcf8 33. g3 Qc3 34. Kg2 a5 35. Qf3 Qb4 36. Qe3 Qb7 37. Kg1 Qc8 38. h4 h5 39. Qc3 Qb7 40. Qxa5 Ra8 41. Qc3 Raf8 42. Kh2 Kh7 43. Qc2 Kh6 44. Qd2 Rf5 45. Re1 Qc8 46. Re2 R8f6 47. Qe1 Qb7 1/2-1/2

[Event "COL-ch School U13"]
[Site "Bogota"]
[Date "2014.11.15"]
[Round "2.8"]
[White "Gomez Leon, Sebastian"]
[Black "Salcedo Rodelo, Brayan"]
[Result "0-1"]
[WhiteElo "1578"]
[BlackElo "1500"]
[PlyCount "114"]
[EventDate "2014.11.14"]
[EventType "swiss"]
[EventRounds "6"]
[EventCountry "COL"]
[SourceTitle "EXT 2024"]
[Source "ChessBase"]
[SourceDate "2023.10.10"]
[SourceVersion "1"]
[SourceVersionDate "2023.10.10"]
[SourceQuality "1"]

1. e4 d6 2. d4 Nf6 3. Nc3 g6 4. Nf3 Bg7 5. Bg5 0-0 6. Bc4 e5 7. d5 a6 8. h4 Bg4 9. Be2 Nbd7 10. Nd2 Bxe2 11. Qxe2 Qb8 12. h5 Nxh5 13. g4 Nhf6 14. f3 b5 15. Qh2 b4 16. Ne2 Qb5 17. Ng3 Qc5 18. 0-0-0 Qa5 19. Kb1 Qb5 20. Bh6 Rfb8 21. Bxg7 Kxg7 22. Qh6+ Kg8 23. g5 Ne8 24. Qxh7+ Kf8 25. Qh8+ Ke7 26. Rh7 Ndf6 27. gxf6+ Nxf6 28. Qg7 Nxh7 29. Nf5+ gxf5 30. Qxh7 Rh8 31. Qxf5 Qe2 32. Qg5+ Kd7 33. Kc1 Rag8 34. Qf5+ Ke7 35. f4 exf4 36. Qxf4 Qh2 37. Qe3 Rg3 38. Qa7 Kd7 39. Qxa6 Rg1 40. Qc6+ Kd8 41. Nf3 Rxd1+ 42. Kxd1 Qh1+ 43. Ne1 Qh5+ 44. Kc1 Qg5+ 45. Kd1 Qg4+ 46. Kd2 Rh2+ 47. Kc1 Qf4+ 48. Kb1 Rh1 49. Qa8+ Ke7 50. a3 Rxe1+ 51. Ka2 Qc1 52. Kb3 Re3+ 53. Kxb4 Qxb2+ 54. Kc4 Qxc2+ 55. Kb4 Rb3+ 56. Ka4 Qc4+ 57. Ka5 Rxa3# 0-1